[Event "Indywidualne Mistrzostwa Polski do lat 20"]
[Site "Pokrzywna"]
[Date "1899-12-30"]
[Round "1.26"]
[White "Zimny, Jakub"]
[Black "Golecki, Jan"]
[Result "0-1"]
[WhiteTitle "II+"]
[BlackTitle "k"]
[WhiteElo "1569"]
[BlackElo "2162"]

1. e4 c5 2. Nf3 e6 3. d4 cxd4 4. Nxd4 Nf6 5. Nc3 Nc6 6. Ndb5 d6 7. Bf4 e5 8. Bg5
a6 9. Na3 Be6 10. Nd5 Bxd5 11. exd5 Qa5+ 12. c3 Qxd5 13. Qxd5 Nxd5 14. Rd1 h6
15. Rxd5 hxg5 16. Nc4 Rd8 17. g4 b5 18. Ne3 Ne7 19. Rd2 g6 20. a4 bxa4 21. Bxa6
Bg7 22. Bb5+ Kf8 23. Bxa4 d5 24. Bb3 d4 25. cxd4 exd4 26. O-O Rb8 27. Rd3 dxe3
28. fxe3 f5 29. gxf5 gxf5 30. Be6 Be5 31. Bxf5 Bxh2+ 32. Kh1 Bf4+ 33. Kg1 Bh2+
34. Kh1 Nxf5 35. Rxf5+ Ke7 36. b3 Ke6 37. Rfd5 Be5+ 38. Kg1 Rh4 39. Rc5 Rg4+ 40.
Kf2 Rf8+ 41. Ke1 Rg1+ 42. Ke2 Rg2+ 0-1

[Event "Indywidualne Mistrzostwa Polski do lat 20"]
[Site "Pokrzywna"]
[Date "1899-12-30"]
[Round "1.27"]
[White "Luberanski, Jakub"]
[Black "Suska, Szymon"]
[Result "1-0"]
[WhiteTitle "k"]
[BlackTitle "I"]
[WhiteElo "2125"]
[BlackElo "1548"]

1. d4 Nf6 2. c4 e6 3. Nf3 b6 4. a3 Bb7 5. Nc3 Be7 6. d5 O-O 7. e4 d6 8. Be2 Nbd7
9. O-O Nc5 10. Qc2 a5 11. b3 Nfd7 12. Be3 Bf6 13. Nd2 Bxc3 14. Qxc3 Qf6 15. Qxf6
Nxf6 16. f3 Rfe8 17. Kf2 e5 18. g4 Bc8 19. h4 Kf8 20. b4 Ncd7 21. Rfc1 axb4 22.
axb4 Bb7 23. Rab1 c6 24. c5 dxc5 25. bxc5 Rec8 26. dxc6 Rxc6 27. g5 Ne8 28. Bb5
Nxc5 29. Bxc5+ bxc5 30. Bxc6 Bxc6 31. Rxc5 Bd7 32. Rxe5 f6 33. Rc5 fxg5 34. hxg5
h5 35. gxh6 gxh6 36. Rb7 Be6 37. Rc6 Bf7 38. Rxh6 Ra2 39. Rh8+ Kg7 40. Rxe8 Rxd2+
41. Ke3 Rd6 42. Ree7 Rf6 43. e5 Rf5 44. e6 Re5+ 45. Kf4 Kg8 46. Kxe5 Kh8 47. Rxf7
1-0

[Event "Indywidualne Mistrzostwa Polski do lat 20"]
[Site "Pokrzywna"]
[Date "1899-12-30"]
[Round "1.28"]
[White "Jaworski, Tymon"]
[Black "Trybus, Daniel"]
[Result "1/2-1/2"]
[WhiteTitle "I"]
[BlackTitle "I++"]
[WhiteElo "1510"]
[BlackElo "2125"]

1. d4 Nf6 2. Bf4 g6 3. Nc3 d5 4. e3 c6 5. h4 Qb6 6. Rb1 Bf5 7. Bd3 Bxd3 8. Qxd3
Bg7 9. Nf3 Na6 10. a3 O-O 11. h5 c5 12. hxg6 hxg6 13. Ne5 Rac8 14. Bh6 Bxh6 15.
Rxh6 cxd4 16. exd4 Nh5 17. Nxg6 Kg7 18. Rxh5 fxg6 19. Rh2 Rc6 1/2-1/2

[Event "Indywidualne Mistrzostwa Polski do lat 20"]
[Site "Pokrzywna"]
[Date "1899-12-30"]
[Round "1.29"]
[White "Skurniak, Szymon"]
[Black "Liskiewicz, Jakub"]
[Result "1-0"]
[WhiteTitle "k"]
[BlackTitle "I"]
[WhiteElo "2117"]
[BlackElo "1504"]

1. e4 d6 2. d4 Nf6 3. Nc3 g6 4. h4 Bg7 5. f3 h5 6. Be3 c6 7. a4 Nbd7 8. Nh3 Qc7
9. Ng5 Nh7 10. Nxh7 Rxh7 11. Qd2 Nf6 12. Bd3 e5 13. dxe5 dxe5 14. Bc4 Bd7 15.
Qf2 b6 16. a5 b5 17. Bb3 Bf8 18. O-O Bb4 19. Rfd1 Rh8 20. Bc5 Bxc5 21. Qxc5 Qd8
22. Qxe5+ Qe7 23. Qd6 Rd8 24. e5 Ng8 25. Ne4 Rh7 26. Ng5 Rg7 27. Bxf7+ Rxf7 28.
Qxg6 Qf8 29. e6 Bxe6 30. Rxd8+ 1-0

[Event "Indywidualne Mistrzostwa Polski do lat 20"]
[Site "Pokrzywna"]
[Date "1899-12-30"]
[Round "1.30"]
[White "Bochenek, Ryszard"]
[Black "Jarzebowski, Kacper"]
[Result "0-1"]
[WhiteTitle "II"]
[BlackTitle "k+"]
[WhiteElo "1445"]
[BlackElo "2107"]

1. e4 d5 2. exd5 Qxd5 3. Nc3 Qd6 4. Nf3 Nf6 5. d4 a6 6. Bc4 e6 7. a4 Nbd7 8. O-O
Be7 9. Re1 O-O 10. h3 c5 11. Be3 Rd8 12. Qd2 cxd4 13. Bxd4 b6 14. Rad1 Bb7 15.
Qe2 Qc6 16. Ba2 Rac8 17. Qe3 b5 18. axb5 axb5 19. Nxb5 Qxb5 20. Bxe6 fxe6 21.
Qxe6+ Kh8 22. Qxe7 Bxf3 23. gxf3 Qf5 24. Kg2 Qxc2 25. Rc1 Qg6+ 26. Kf1 Rxc1 27.
Rxc1 Qf5 28. Kg2 Qg5+ 0-1

[Event "Indywidualne Mistrzostwa Polski do lat 20"]
[Site "Pokrzywna"]
[Date "1899-12-30"]
[Round "1.31"]
[White "Dixa, Oskar"]
[Black "Rosa, Antoni"]
[Result "1/2-1/2"]
[WhiteTitle "k"]
[BlackTitle "I"]
[WhiteElo "2087"]
[BlackElo "1416"]

1. e4 e6 2. d4 d5 3. Nc3 dxe4 4. Nxe4 Nd7 5. Nf3 Ngf6 6. Nxf6+ Nxf6 7. Bd3 Be7
8. O-O O-O 9. c3 b6 10. Qc2 Bb7 11. Ng5 h6 12. Ne4 Nxe4 13. Bxe4 Bxe4 14. Qxe4
c5 15. Rd1 Qc7 16. dxc5 Qxc5 17. Be3 Qb5 18. b3 Rad8 19. c4 Qa5 20. Qc2 Bf6 21.
Rab1 Rxd1+ 22. Rxd1 Rd8 23. Rxd8+ Bxd8 24. Qd2 Qxd2 25. Bxd2 Kf8 26. Kf1 Ke8 27.
Ke2 Kd7 28. Kd3 Kc6 29. b4 a6 30. a4 Be7 31. b5+ axb5 32. cxb5+ Kd5 33. Kc3 e5
34. g4 Bc5 35. f3 Bg1 36. h3 Bc5 37. Kd3 Bd6 38. Bc1 Bb4 39. Be3 Bc5 40. Bd2 Bd6
41. a5 bxa5 42. Bxa5 Kc5 43. Ke4 Kxb5 44. Kd5 Be7 45. Bc7 Bf6 46. Bxe5 Bxe5 47.
Kxe5 Kc6 48. f4 Kd7 49. f5 Ke7 50. h4 f6+ 51. Kd5 Kd7 52. h5 Ke7 53. Kc6 Ke8 54.
Kd6 Kd8 55. Ke6 Ke8 1/2-1/2

[Event "Indywidualne Mistrzostwa Polski do lat 20"]
[Site "Pokrzywna"]
[Date "1899-12-30"]
[Round "1.32"]
[White "Klim, Juliusz"]
[Black "Krawczyk, Flawian"]
[Result "0-1"]
[WhiteTitle "II"]
[BlackTitle "I"]
[WhiteElo "1292"]
[BlackElo "2073"]

1. e4 c5 2. Nf3 d6 3. d4 cxd4 4. Nxd4 Nf6 5. Nc3 a6 6. Be2 e5 7. Nb3 Be7 8. Bg5
O-O 9. Bxf6 Bxf6 10. Nd5 Bg5 11. Nd2 f5 12. Bc4 Kh8 13. O-O Nc6 14. Nf3 fxe4 15.
Nxg5 Qxg5 16. Kh1 Be6 17. Nb6 Bxc4 18. Nxc4 Rad8 19. Qd5 Nb4 20. Qxe4 Rf4 21.
Qe2 Qg6 22. c3 Qd3 23. Qxd3 Nxd3 24. b3 Rxf2 25. Rfd1 e4 26. Kg1 Rc2 27. Na5 Rxc3
28. Nxb7 Rd7 29. Na5 d5 30. b4 e3 31. Kf1 Rf7+ 32. Ke2 Nf4+ 33. Kf3 e2+ 0-1

[Event "Indywidualne Mistrzostwa Polski do lat 20"]
[Site "Pokrzywna"]
[Date "1899-12-30"]
[Round "1.33"]
[White "Karolczuk, Iwo"]
[Black "Czak, Dominik"]
[Result "1-0"]
[WhiteTitle "k"]
[BlackTitle "II"]
[WhiteElo "2065"]
[BlackElo "1267"]

1. g3 d5 2. Nf3 c5 3. Bg2 Nc6 4. O-O Nf6 5. d3 Bf5 6. Nbd2 e6 7. c3 Be7 8. a3 a5
9. Nh4 Bg6 10. a4 O-O 11. Nxg6 hxg6 12. e4 Qc7 13. f4 Rfd8 14. e5 Nh7 15. Nf3
g5 16. fxg5 d4 17. c4 Nf8 18. Qe2 Ng6 19. Bf4 Re8 20. h4 Nxf4 21. gxf4 g6 22.
h5 gxh5 23. Nd2 Kg7 24. Qxh5 Rh8 25. Qg4 Qd7 26. Rae1 Rag8 27. f5 exf5 28. Rxf5
Qe6 29. Bd5 Qg6 30. Rxf7+ Qxf7 31. Bxf7 Kxf7 32. Ne4 Ke8 33. Nf6+ 1-0

[Event "Indywidualne Mistrzostwa Polski do lat 20"]
[Site "Pokrzywna"]
[Date "1899-12-30"]
[Round "1.34"]
[White "Durzynski, Jan"]
[Black "Majek, Kacper"]
[Result "0-1"]
[WhiteTitle "II+"]
[BlackTitle "I++"]
[WhiteElo "1266"]
[BlackElo "2057"]

1. d4 Nf6 2. c4 g6 3. g3 Bg7 4. Bg2 O-O 5. Nf3 c5 6. e3 cxd4 7. exd4 d5 8. b3 Nc6
9. O-O Bg4 10. Bb2 Rc8 11. c5 Ne4 12. a3 Nxc5 13. dxc5 Bxb2 14. Ra2 Bg7 15. h3
Bxf3 16. Bxf3 Nd4 17. b4 e5 18. Bg2 e4 19. Rd2 Qf6 20. g4 b6 21. Re1 bxc5 22.
bxc5 Rxc5 23. g5 Qe5 24. f4 Qxf4 25. Rxd4 Bxd4+ 26. Qxd4 Rc2 27. Nc3 Qg3 28. Re2
Rxc3 29. Rf2 Rfc8 30. Rxf7 Rc1+ 0-1

[Event "Indywidualne Mistrzostwa Polski do lat 20"]
[Site "Pokrzywna"]
[Date "1899-12-30"]
[Round "1.35"]
[White "Szczurek, Krzysztof"]
[Black "Krawczyk, Eryk"]
[Result "1-0"]
[WhiteTitle "FM"]
[BlackTitle "III"]
[WhiteElo "2031"]
[BlackElo "1233"]

1. e4 e5 2. Nf3 Nc6 3. Bc4 Nf6 4. d3 Bc5 5. c3 O-O 6. Nbd2 h6 7. Bb3 d6 8. h3 Bb6
9. Nf1 Ne7 10. Ng3 Ng6 11. O-O Kh8 12. Be3 Be6 13. Qd2 Bxe3 14. fxe3 Qd7 15. d4
exd4 16. exd4 Rfe8 17. Rae1 Qe7 18. Bc2 Qd8 19. Rf2 Nh7 20. d5 Bd7 21. e5 Nxe5
22. Nxe5 dxe5 23. Rxf7 Be6 24. Qd3 Ng5 25. dxe6 Qxd3 26. Bxd3 Nxf7 27. exf7 Rf8
28. Bc4 Rad8 29. Rxe5 Rd1+ 30. Kh2 Rdd8 31. Re7 Rd2 32. Ne4 Rd1 33. Nc5 b6 34.
Ne6 Rb8 35. Re8+ Rxe8 36. fxe8=Q+ Kh7 37. Nf8+ Kh8 38. Ng6+ Kh7 39. Bg8# 1-0

[Event "Indywidualne Mistrzostwa Polski do lat 20"]
[Site "Pokrzywna"]
[Date "1899-12-30"]
[Round "2.1"]
[White "Suder, Jakub"]
[Black "Janik, Igor"]
[Result "0-1"]
[WhiteTitle "k"]
[BlackTitle "IM"]
[WhiteElo "2239"]
[BlackElo "2489"]

1. d4 Nf6 2. c4 e6 3. Nc3 Bb4 4. f3 c5 5. d5 O-O 6. e4 d6 7. Nge2 a6 8. Nf4 exd5
9. cxd5 b5 10. a4 Ba5 11. Be3 c4 12. Kf2 Bd7 13. axb5 axb5 14. b4 cxb3 15. Qxb3
b4 16. Nb5 g5 17. Nh3 Nxe4+ 18. Kg1 Nc5 19. Qc4 Qf6 20. Bd4 Bxb5 21. Bxf6 Bxc4
22. Bxc4 Nbd7 23. Bd4 Bb6 24. Rd1 b3 25. Bb5 h6 26. Kf2 Ne5 27. Kg3 f5 28. Nf2
Ra5 29. Bxe5 dxe5 30. Bc4 Ra4 31. Rc1 Ra2 32. Nd3 Nxd3 33. Bxd3 h5 34. Rhf1 Bf2+
35. Rxf2 h4+ 36. Kh3 Rxf2 37. d6 b2 38. Rd1 Kg7 39. d7 Kf6 0-1

[Event "Indywidualne Mistrzostwa Polski do lat 20"]
[Site "Pokrzywna"]
[Date "1899-12-30"]
[Round "2.2"]
[White "Teclaf, Pawel"]
[Black "Ochedzan, Tymon"]
[Result "1-0"]
[WhiteTitle "IM"]
[BlackTitle "CM"]
[WhiteElo "2477"]
[BlackElo "2246"]

1. Nf3 Nf6 2. b3 g6 3. Bb2 Bg7 4. g3 O-O 5. Bg2 c5 6. c4 d5 7. cxd5 Qxd5 8. O-O
Qh5 9. d3 Bh3 10. Nbd2 Nbd7 11. Rc1 Rac8 12. Rc4 Bxg2 13. Kxg2 Rfd8 14. Qa1 Qd5
15. Rfc1 Bh6 16. Rd1 Qe6 17. Ne4 b5 18. Nxf6+ Nxf6 19. Rc2 Nd5 20. a3 Nb6 21.
Qa2 c4 22. bxc4 Rxc4 23. Ba1 Rxc2 24. Qxc2 Na4 25. Qc7 Qd7 26. Qa5 Rb8 27. h4
Rb7 28. h5 Qc7 29. Qb4 Qd6 30. hxg6 Qxb4 31. gxf7+ Kxf7 32. axb4 Rb6 33. Rh1 Rd6
34. Nd4 Kg6 35. Nxb5 Rb6 36. Nxa7 Bg7 37. Bxg7 Kxg7 38. Rc1 Rxb4 39. Rc7 Kf8 40.
Rxe7 Rb2 41. Nc6 Nc3 42. Kf3 Rb6 43. Rc7 Nb5 44. Rc8+ Kg7 45. e3 Nd6 46. Rc7+
Kf6 47. Nd4 h5 48. Rc6 1-0

[Event "Indywidualne Mistrzostwa Polski do lat 20"]
[Site "Pokrzywna"]
[Date "1899-12-30"]
[Round "2.3"]
[White "Redzisz, Michal"]
[Black "Szpar, Milosz"]
[Result "1-0"]
[WhiteTitle "k"]
[BlackTitle "FM"]
[WhiteElo "2212"]
[BlackElo "2449"]

1. d4 Nf6 2. c4 e6 3. Nf3 c5 4. d5 d6 5. Nc3 exd5 6. cxd5 g6 7. Nd2 Nbd7 8. e4
Bg7 9. Be2 O-O 10. O-O a6 11. a4 Re8 12. Qc2 Ne5 13. Ra3 g5 14. Re1 Rb8 15. a5
b5 16. axb6 Rxb6 17. Nf1 h6 18. Ng3 Ng6 19. Nd1 Nf4 20. Ne3 h5 21. f3 h4 22. Ngf5
Bf8 23. g3 hxg3 24. hxg3 N4h5 25. Kg2 Qc7 26. Rh1 Bg7 27. Nxg7 Nxg7 28. Nc4 g4
29. Nxb6 Qxb6 30. Qd2 gxf3+ 31. Rxf3 Ng4 32. Rf4 f5 33. Bxg4 fxg4 34. Rf2 Qb4
35. Qxb4 cxb4 36. Rf4 a5 37. Rh6 Rd8 38. Be3 a4 39. Bd4 1-0

[Event "Indywidualne Mistrzostwa Polski do lat 20"]
[Site "Pokrzywna"]
[Date "1899-12-30"]
[Round "2.4"]
[White "Kosakowski, Jakub"]
[Black "Kokoszczynski, Jan"]
[Result "1-0"]
[WhiteTitle "IM"]
[BlackTitle "FM"]
[WhiteElo "2431"]
[BlackElo "2221"]

1. e4 e6 2. d4 d5 3. Nd2 Be7 4. Ngf3 Nf6 5. Bd3 c5 6. dxc5 a5 7. O-O Na6 8. exd5
Qxd5 9. Nc4 Bxc5 10. c3 b6 11. Nce5 O-O 12. Qe2 Qd8 13. Bg5 Bb7 14. Rad1 Qe7 15.
Ng4 Nc7 16. Nfe5 Nce8 17. Nxf6+ Nxf6 18. Bxh7+ Kxh7 19. Rd7 Qxd7 20. Nxd7 Nxd7
21. Qd3+ Kg8 22. Qxd7 Bd5 23. Be7 Bxe7 24. Qxe7 Bxa2 25. Rd1 Bd5 26. h4 Rfe8 27.
Qg5 a4 28. Rd4 Ra7 29. h5 b5 30. h6 f5 31. Qe3 Ree7 32. Rd3 gxh6 33. Qe5 Rg7 34.
Rg3 Kh7 35. f3 Rxg3 36. Qxg3 a3 37. bxa3 Rxa3 38. Qc7+ Kg6 39. Qb8 Rb3 40. Qg8+
Kf6 41. Qf8+ Kg6 42. Kh2 Bc4 43. Qg8+ Kf6 44. Qh7 Rb2 45. Qxh6+ Ke7 46. Qc1 Re2
47. Kg3 Kd6 48. Qa3+ Kc6 49. Qa8+ Kd6 50. Qf8+ Kc6 51. Qg7 Bd3 52. Qf6 Bc4 53.
Kh3 Rf2 54. Qd4 Re2 55. Qg7 Bd5 56. Kg3 Bc4 57. Kh4 Bd3 58. g4 fxg4 59. fxg4 e5
60. g5 Bc4 61. g6 Kd5 62. Qb7+ Kd6 63. g7 Re1 64. Qg2 Ra1 65. Kg5 Ra2 66. Qf3
Ra1 67. Qf8+ Kd7 68. Kf5 Rg1 69. Kxe5 Re1+ 70. Kd4 Rg1 71. Qf6 Ke8 72. Kc5 Rg2
73. Qc6+ 1-0

[Event "Indywidualne Mistrzostwa Polski do lat 20"]
[Site "Pokrzywna"]
[Date "1899-12-30"]
[Round "2.5"]
[White "Golecki, Jan"]
[Black "Pacan-milej, Kosma"]
[Result "0-1"]
[WhiteTitle "k"]
[BlackTitle "FM"]
[WhiteElo "2162"]
[BlackElo "2423"]

1. d4 Nf6 2. c4 c5 3. d5 b5 4. Nf3 bxc4 5. Nc3 d6 6. e4 Nbd7 7. Bxc4 g6 8. O-O
Bg7 9. Re1 O-O 10. h3 Rb8 11. Qc2 Nh5 12. g4 Nhf6 13. Bf4 h5 14. e5 dxe5 15. Bxe5
Rb4 16. Nb5 Ba6 17. a4 hxg4 18. hxg4 Nb6 19. b3 Qd7 20. Re4 Bb7 21. Bxf6 Bxf6
22. Rd1 Nxc4 23. bxc4 Rb2 24. Qc1 Rb3 25. Kg2 a6 26. Rh1 Rxf3 27. Kxf3 axb5 28.
Qh6 Ra8 29. Rf4 Bxd5+ 30. cxd5 Qxd5+ 31. Ke3 Rxa4 32. Rxa4 Bg5+ 33. Qxg5 Qxg5+
34. f4 Qxg4 35. Raa1 Qg3+ 36. Ke4 Qc3 37. Kd5 b4 38. Rh7 0-1

[Event "Indywidualne Mistrzostwa Polski do lat 20"]
[Site "Pokrzywna"]
[Date "1899-12-30"]
[Round "2.6"]
[White "Fus, Jakub"]
[Black "Fiedorek, Michal"]
[Result "1-0"]
[WhiteTitle "FM"]
[BlackTitle "FM"]
[WhiteElo "2401"]
[BlackElo "2176"]

1. d4 Nf6 2. c4 g6 3. Nc3 Bg7 4. e4 d6 5. f3 O-O 6. Be3 a6 7. Qd2 Nbd7 8. Nge2
c5 9. Rd1 Qc7 10. Nf4 e6 11. d5 e5 12. Nh3 Kh8 13. Be2 Ng8 14. O-O Ndf6 15. Nf2
Nh5 16. Nd3 Bd7 17. g4 Nhf6 18. Kh1 h6 19. Ne1 Nh7 20. Ng2 Qd8 21. Bd3 Rb8 22.
Ne2 b5 23. Ng3 Bf6 24. Qe2 bxc4 25. Bxc4 Bb5 26. b3 Bxc4 27. Qxc4 Qa5 28. Qc2
Rfc8 29. Bd2 Qc7 30. Ne3 Bg5 31. Nc4 Bxd2 32. Qxd2 Kg7 33. Qc3 Nf8 34. f4 f6 35.
h4 exf4 36. Rxf4 Nd7 37. h5 Ne5 38. hxg6 Kxg6 39. Rdf1 Nxc4 40. Rxf6+ Nxf6 41.
Rxf6+ Kh7 42. Nf5 Ne5 43. Rxh6+ Kg8 44. Qh3 Nf7 45. Rg6+ Kf8 46. Qh7 1-0

[Event "Indywidualne Mistrzostwa Polski do lat 20"]
[Site "Pokrzywna"]
[Date "1899-12-30"]
[Round "2.7"]
[White "Jarzebowski, Kacper"]
[Black "Kozak, Antoni"]
[Result "1/2-1/2"]
[WhiteTitle "k+"]
[BlackTitle "m"]
[WhiteElo "2107"]
[BlackElo "2375"]

1. c4 e6 2. Nf3 d5 3. g3 Nf6 4. Bg2 d4 5. O-O Be7 6. d3 O-O 7. e3 c5 8. Na3 Nc6
9. Nc2 dxe3 10. Bxe3 Bd7 11. d4 cxd4 12. Ncxd4 Qc8 13. Qe2 Rd8 14. Rfd1 Ng4 15.
Nxc6 Bxc6 16. Bd4 Bf6 17. Bxf6 Nxf6 18. Ne5 Bxg2 19. Kxg2 Qc7 20. Rxd8+ Rxd8 21.
Rd1 Kf8 22. Rxd8+ Qxd8 23. Qe3 Qd6 24. h3 b6 25. Qf4 Ke8 26. g4 h6 27. h4 Qc7
28. f3 Ng8 29. Qe4 Ne7 30. b4 f6 31. Ng6 Nxg6 32. Qxg6+ Kf8 33. Qe4 Ke7 34. Qd4
Qc6 35. a3 e5 36. Qd3 a5 37. h5 axb4 38. axb4 Qa4 39. b5 Qb4 40. Qg6 Qd2+ 41.
Kh3 Kf8 42. Qe4 Qf2 43. Qa8+ 1/2-1/2

[Event "Indywidualne Mistrzostwa Polski do lat 20"]
[Site "Pokrzywna"]
[Date "1899-12-30"]
[Round "2.8"]
[White "Psyk, Radoslaw"]
[Black "Luberanski, Jakub"]
[Result "1-0"]
[WhiteTitle "k++"]
[BlackTitle "k"]
[WhiteElo "2375"]
[BlackElo "2125"]

1. e4 c5 2. Nc3 e6 3. g3 Nc6 4. Bg2 g6 5. d3 Bg7 6. Be3 d6 7. Qd2 Rb8 8. Nh3 b5
9. O-O Nge7 10. Bh6 O-O 11. Bxg7 Kxg7 12. f4 b4 13. Nd1 d5 14. e5 c4 15. g4 Qb6+
16. Kh1 f6 17. exf6+ Rxf6 18. dxc4 dxc4 19. Ne3 Ba6 20. c3 Rd8 21. Qe2 Rd3 22.
g5 Rf8 23. Ng4 bxc3 24. bxc3 Rxc3 25. Nhf2 Nd5 26. Rab1 Qd4 27. Qxe6 Ncb4 28.
Rxb4 Nxb4 29. Qe7+ Rf7 30. Qxb4 Rc2 31. Qa4 Rb2 32. Qxa6 Rxf4 33. Rd1 Rd2 34.
Re1 Rf7 35. Qc8 Re2 36. Rd1 Qf4 37. Nh6 Rf8 38. Qb7+ Kh8 39. Nfg4 Rd2 40. Rg1
Rdd8 41. Rf1 Qxg5 42. Qb2+ 1-0

[Event "Indywidualne Mistrzostwa Polski do lat 20"]
[Site "Pokrzywna"]
[Date "1899-12-30"]
[Round "2.9"]
[White "Krawczyk, Flawian"]
[Black "Czernek, Tymon"]
[Result "0-1"]
[WhiteTitle "I"]
[BlackTitle "FM"]
[WhiteElo "2073"]
[BlackElo "2359"]

1. d4 Nf6 2. c4 g6 3. Nf3 Bg7 4. g3 O-O 5. Bg2 d6 6. O-O Nbd7 7. Nc3 e5 8. e4 c6
9. Re1 h6 10. b3 Ne8 11. dxe5 Nxe5 12. Nxe5 Bxe5 13. Qd3 Bg7 14. Bf4 Qa5 15. Rac1
Be6 16. Qd2 Kh7 17. Na4 Qh5 18. c5 Rd8 19. Qa5 b6 20. Qxa7 bxc5 21. Qb6 Nf6 22.
Qxc6 Ng4 23. h3 Ne5 24. Bxe5 Bxe5 25. f4 Bd4+ 26. Kh2 Bf2 27. Rf1 Qe2 28. f5 gxf5
29. exf5 Bxg3+ 30. Kxg3 Rg8+ 31. Kh2 Qe5+ 32. Kg1 Bd5 0-1

[Event "Indywidualne Mistrzostwa Polski do lat 20"]
[Site "Pokrzywna"]
[Date "1899-12-30"]
[Round "2.10"]
[White "Majek, Kacper"]
[Black "Kowalski, Igor"]
[Result "0-1"]
[WhiteTitle "I++"]
[BlackTitle "FM"]
[WhiteElo "2057"]
[BlackElo "2355"]

1. Nf3 d5 2. g3 g6 3. Bg2 Bg7 4. O-O e5 5. d3 Ne7 6. e4 O-O 7. exd5 Nxd5 8. Re1
Nc6 9. Nbd2 h6 10. Nc4 Re8 11. c3 Nb6 12. Nxb6 axb6 13. d4 Bg4 14. d5 Na5 15.
h3 Bxf3 16. Bxf3 Nc4 17. Be2 Nd6 18. c4 f5 19. Qc2 Qf6 20. b4 f4 21. Bg4 Nf5 22.
Bxf5 gxf5 23. gxf4 e4 24. Be3 Qh4 25. Kh2 Bxa1 26. Rxa1 Kh7 27. Qc3 Rg8 28. Qe5
Qh5 29. Bd4 Qf7 30. Qf6 Qxf6 31. Bxf6 Ra3 32. Be5 Rf3 33. Bd4 Rxf4 34. c5 Rf3
35. cxb6 Rd3 36. Bf6 cxb6 37. Rc1 Rxd5 38. Rc7+ Kg6 39. Bc3 Rd3 40. Be5 Kh5 41.
Rf7 Rd2 42. Rxf5+ Rg5 43. Rxg5+ hxg5 44. Kg3 Rxa2 45. Bd6 Rd2 46. Be5 Kg6 47.
Kg2 e3 0-1

[Event "Indywidualne Mistrzostwa Polski do lat 20"]
[Site "Pokrzywna"]
[Date "1899-12-30"]
[Round "2.11"]
[White "Niedbala, Bartlomiej"]
[Black "Skurniak, Szymon"]
[Result "1-0"]
[WhiteTitle "FM"]
[BlackTitle "k"]
[WhiteElo "2348"]
[BlackElo "2117"]

1. d4 Nf6 2. c4 g6 3. g3 Bg7 4. Bg2 d5 5. cxd5 Nxd5 6. Nf3 O-O 7. O-O Nb6 8. Nc3
Nc6 9. e3 Re8 10. Nh4 Bd7 11. f4 Qc8 12. Ne4 Nb4 13. Nc5 Bc6 14. Bd2 Bxg2 15.
Kxg2 Nc4 16. Rc1 Nxd2 17. Qxd2 Nd5 18. Nf3 b6 19. Nd3 Qa6 20. a3 c5 21. e4 c4
22. Nf2 c3 23. bxc3 Nc7 24. Ra1 Nb5 25. Qd3 Qa5 26. c4 Nc7 27. Rac1 Red8 28. e5
Rac8 29. Rfd1 Ne6 30. Ne4 Bh6 31. Qb3 Qa6 32. a4 Qb7 33. d5 Nc5 34. Nxc5 Rxc5
35. Nd2 Qd7 36. Ne4 Ra5 37. d6 Qf5 38. dxe7 Qxe4+ 39. Qf3 Qxf3+ 40. Kxf3 Rf8 41.
Rd8 Rxa4 42. Rxf8+ 1-0

[Event "Indywidualne Mistrzostwa Polski do lat 20"]
[Site "Pokrzywna"]
[Date "1899-12-30"]
[Round "2.13"]
[White "Chylewski, Patryk"]
[Black "Karolczuk, Iwo"]
[Result "0-1"]
[WhiteTitle "FM"]
[BlackTitle "k"]
[WhiteElo "2330"]
[BlackElo "2065"]

1. d4 Nf6 2. c4 e6 3. Nc3 Bb4 4. Qc2 O-O 5. a3 Bxc3+ 6. Qxc3 b6 7. Bg5 Bb7 8. e3
d6 9. f3 c5 10. Bd3 Nbd7 11. Ne2 Rc8 12. Qd2 cxd4 13. exd4 d5 14. cxd5 Bxd5 15.
O-O Bc4 16. Bc2 h6 17. Bh4 b5 18. Rfd1 Bxe2 19. Qxe2 Qb6 20. Bf2 Nd5 21. Rac1
a6 22. Bb1 Qb7 23. Qd3 N5f6 24. Bc2 Rc6 25. Be1 Rfc8 26. Bc3 Nb6 27. Bb4 Na4 28.
Qd2 Nxb2 29. Bh7+ Kxh7 30. Qxb2 Rxc1 31. Rxc1 Rxc1+ 32. Qxc1 Qd5 33. Qc2+ g6 34.
Qd2 Qf5 35. Bf8 g5 36. h4 Nd5 37. hxg5 hxg5 38. Bd6 Kg6 39. Be5 Qb1+ 40. Kh2 f6
41. Bd6 Kg7 42. Bc5 Qf5 43. Bd6 g4 44. fxg4 Qxg4 45. Bg3 Qh5+ 46. Kg1 Qg5 47.
Qf2 Qe3 48. Bd6 Kg6 49. Qxe3 Nxe3 50. Kf2 Nd5 51. Kf3 a5 52. Ke4 Kg5 0-1

[Event "Indywidualne Mistrzostwa Polski do lat 20"]
[Site "Pokrzywna"]
[Date "1899-12-30"]
[Round "2.14"]
[White "Sowinski, Pawel"]
[Black "Seemann, Jakub"]
[Result "1-0"]
[WhiteTitle "I++"]
[BlackTitle "FM"]
[WhiteElo "1767"]
[BlackElo "2306"]

1. c4 Nf6 2. Nc3 g6 3. g3 Bg7 4. Bg2 O-O 5. d3 d6 6. Nf3 e5 7. O-O Nc6 8. Rb1 a5
9. a3 h6 10. b4 axb4 11. axb4 Be6 12. b5 Ne7 13. b6 c6 14. c5 dxc5 15. Na4 e4
16. Ne1 Qd4 17. Nb2 Ba2 18. Ra1 Bb3 19. Qxb3 Rxa1 20. Nc2 Rxc1 21. Nxd4 Rxf1+
22. Kxf1 cxd4 23. Bxe4 Nxe4 24. dxe4 Ra8 25. Nd3 Nc8 26. Nc5 Nd6 27. f4 Bf8 28.
e5 Nf5 29. Nxb7 Ne3+ 30. Kf2 Kg7 31. Nd6 Bxd6 32. exd6 Ra1 33. g4 Nxg4+ 34. Kf3
f5 35. b7 Rf1+ 36. Kg2 1-0

[Event "Indywidualne Mistrzostwa Polski do lat 20"]
[Site "Pokrzywna"]
[Date "1899-12-30"]
[Round "2.15"]
[White "Klimkowski, Jan"]
[Black "Szczurek, Krzysztof"]
[Result "0-1"]
[WhiteTitle "FM"]
[BlackTitle "FM"]
[WhiteElo "2305"]
[BlackElo "2031"]

1. e4 c5 2. Nf3 d6 3. d4 cxd4 4. Nxd4 Nf6 5. Nc3 a6 6. Be3 e5 7. Nb3 Be7 8. f3
Be6 9. Qd2 b5 10. O-O-O O-O 11. g4 Nbd7 12. g5 b4 13. Ne2 Nh5 14. Ng3 Nf4 15.
h4 a5 16. Bxf4 exf4 17. Nf5 a4 18. Nbd4 Ne5 19. Nxe6 fxe6 20. Nd4 b3 21. Kb1 bxa2+
22. Ka1 Qb6 23. Bh3 Rfb8 24. Bxe6+ Kh8 25. c4 Nd3 26. Rh2 a3 27. b3 Qxd4+ 28.
Kxa2 Qb2+ 0-1

[Event "Indywidualne Mistrzostwa Polski do lat 20"]
[Site "Pokrzywna"]
[Date "1899-12-30"]
[Round "2.16"]
[White "Chyzy, Jakub"]
[Black "Boryna, Szymon"]
[Result "1-0"]
[WhiteTitle "FM"]
[BlackTitle "II"]
[WhiteElo "2250"]
[BlackElo "1107"]

1. d4 d5 2. Nf3 Nf6 3. g3 e6 4. Bg2 c5 5. O-O Nc6 6. b3 Be7 7. Bb2 O-O 8. e3 b6
9. Ne5 Bb7 10. f4 Ne4 11. Nd2 Nxd2 12. Qxd2 Rc8 13. f5 Qc7 14. f6 Bxf6 15. Rxf6
gxf6 16. Ng4 cxd4 17. Nxf6+ Kg7 18. Rf1 Qd8 19. exd4 Ne7 20. Nh5+ Kh8 21. Qh6
1-0

[Event "Indywidualne Mistrzostwa Polski do lat 20"]
[Site "Pokrzywna"]
[Date "1899-12-30"]
[Round "2.17"]
[White "Mis, Mieszko"]
[Black "Madajczak, Piotr"]
[Result "1/2-1/2"]
[WhiteTitle "FM"]
[BlackTitle "I"]
[WhiteElo "2358"]
[BlackElo "1829"]

1. d4 f5 2. Bg5 h6 3. Bh4 g5 4. e3 Nf6 5. Be2 Bg7 6. Bg3 O-O 7. Nc3 d6 8. Bc4+
Kh8 9. h4 g4 10. Nge2 Qe8 11. Qd2 c6 12. a4 e5 13. dxe5 dxe5 14. Qd6 Nh5 15. O-O-O
Nd7 16. Be6 Nb6 17. Ba2 Nd5 18. Nxd5 cxd5 19. Rxd5 Nxg3 20. Nxg3 Be6 21. Rxe5
Qxa4 22. Rxe6 Qxa2 23. Rxh6+ Bxh6 24. Qxh6+ Kg8 25. c3 Rad8 26. Qg6+ Kh8 27. Qh5+
Kg8 28. Qg5+ Kh8 29. Qh5+ Kg8 30. Qg6+ Kh8 1/2-1/2

[Event "Indywidualne Mistrzostwa Polski do lat 20"]
[Site "Pokrzywna"]
[Date "1899-12-30"]
[Round "2.18"]
[White "Rosa, Antoni"]
[Black "Karpus, Michal"]
[Result "1/2-1/2"]
[WhiteTitle "I"]
[BlackTitle "FM"]
[WhiteElo "1416"]
[BlackElo "2311"]

1. c4 g6 2. Nc3 Bg7 3. g3 e5 4. Bg2 d6 5. e4 f5 6. exf5 gxf5 7. Qh5+ Kf8 8. Nf3
Nf6 9. Qh4 Nc6 10. Nd5 Nxd5 11. Qxd8+ Nxd8 12. cxd5 Bd7 13. O-O Bb5 14. Re1 Nf7
15. Nh4 f4 16. a4 Bd7 17. Ra3 Bf6 18. Nf3 Re8 19. d3 Rg8 20. Bd2 h5 21. Kh1 fxg3
22. fxg3 Ke7 23. Be3 a6 24. b4 Kd8 25. Rb1 Rg4 26. Bh3 Rg6 27. Bxd7 Kxd7 28. b5
e4 29. dxe4 Rxe4 30. b6 Rgg4 31. bxc7 Kxc7 32. Rab3 Nd8 33. Bb6+ Kd7 34. Bxd8
Bxd8 35. Rxb7+ Bc7 36. Nd2 Re7 37. Rc1 Kc8 38. Rb6 Re1+ 39. Rxe1 Bxb6 40. Ne4
Bc5 41. h3 Rg7 42. Nxc5 dxc5 43. Kg2 Rg5 44. Rd1 Kd7 45. d6 c4 1/2-1/2